[Event "Gideon Japhet ACP Open 2018"]
[Site "Jerusalem"]
[Date "2018.07.06"]
[Round "7"]
[White "Shvayger, Yuliya"]
[Black "Axelrod, Arie"]
[Result "1/2-1/2"]
[WhiteElo "2409"]
[BlackElo "2269"]
[Annotator "ChessBase"]
[PlyCount "107"]
[EventDate "2018.07.01"]
[EventType "swiss"]
[EventCountry "ISR"]
[SourceTitle "playchess.com"]
[Source "ChessBase"]
[SourceQuality "1"]
[TimeControl "40/5400+30:1800+30"]

1. e4 {[%emt 0:00:00]} c5 {[%emt 0:00:00]} 2. Nf3 {[%emt 0:00:00]} d6 {[%emt 0:00:00]} 3. d4 {[%emt 0:00:00]} cxd4 {[%emt 0:00:00]} 4. Nxd4 {[%emt 0:00:00]} Nf6 {[%emt 0:00:00]} 5. Nc3 {[%emt 0:00:11]} g6 {[%emt 0:00:03]} 6. Be3 {[%emt 0:00:17]} Bg7 {[%emt 0:00:02]} 7. f3 {[%emt 0:00:29]} Nc6 {[%emt 0:00:03]} 8. Qd2 {[%emt 0:00:14]} O-O {[%emt 0:00:05]} 9. O-O-O {[%emt 0:00:14]} Qa5 {[%emt 0:00:32]} 10. Kb1 {[%emt 0:06:16]} Bd7 {[%emt 0:06:57]} 11. g4 {[%emt 0:07:15]} Rfc8 {[%emt 0:01:35]} 12. h4 {[%emt 0:05:24]} Ne5 {[%emt 0:00:46]} 13. h5 {[%emt 0:28:30]} Nxf3 {[%emt 0:00:56]} 14. Nxf3 {[%emt 0:00:46]} Bxg4 {[%emt 0:00:02]} 15. Bg2 {[%emt 0:05:41]} Bxh5 {[%emt 0:03:56]} 16. Nd5 {[%emt 0:01:33]} Qxd2 {[%emt 0:07:18]} 17. Nxf6+ {[%emt 0:00:13]} Bxf6 {[%emt 0:00:06]} 18. Rxd2 {[%emt 0:00:04]} Bxf3 {[%emt 0:06:37]} 19. Bxf3 {[%emt 0:00:08]} Rc7 {[%emt 0:00:30]} 20. Rdh2 {[%emt 0:05:20]} Rac8 {[%emt 0:02:53]} 21. Bxa7 {[%emt 0:04:14]} Be5 {[%emt 0:01:46]} 22. Rd2 {[%emt 0:02:00]} h5 {[%emt 0:03:34]} 23. Be3 {[%emt 0:02:40]} Kf8 {[%emt 0:09:12]} 24. c3 {[%emt 0:00:27]} e6 {[%emt 0:00:24]} 25. Bd4 {[%emt 0:08:28]} Bf4 {[%emt 0:01:34]} 26. Rg2 {[%emt 0:01:03]} Ke7 {[%emt 0:00:24]} 27. Bd1 {[%emt 0:01:50]} e5 {[%emt 0:01:16]} 28. Bf2 {[%emt 0:00:12]} Kf6 {[%emt 0:07:22]} 29. Rf1 {[%emt 0:06:10]} Rc4 {[%emt 0:02:12]} 30. Bh4+ {[%emt 0:05:46]} Kg7 {[%emt 0:02:44]} 31. Bxh5 {[%emt 0:02:13]} Rxe4 {[%emt 0:01:26]} 32. Bf3 {[%emt 0:00:12]} Re3 {[%emt 0:02:59]} 33. Bxb7 {[%emt 0:00:05]} Rb8 {[%emt 0:00:26]} 34. Bd5 {[%emt 0:00:19]} Rxc3 {[%emt 0:00:23]} 35. Bg5 {[%emt 0:00:50]} Rc5 {[%emt 0:02:46]} 36. Bb3 {[%emt 0:02:28]} Rbc8 {[%emt 0:01:38]} 37. Bxf4 {[%emt 0:00:04]} exf4 {[%emt 0:00:11]} 38. a4 {[%emt 0:00:03]} Rb8 {[%emt 0:01:37]} 39. Ka2 {[%emt 0:02:40]} Rb4 {[%emt 0:00:12]} 40. Rd2 {[%emt 0:03:23]} g5 {[%emt 0:04:28]} 41. Rxd6 {[%emt 0:30:38]} f6 {[%emt 0:36:39]} 42. Ka3 {[%emt 0:00:00]} Re4 {[%emt 0:00:00]} 43. Rd7+ {[%emt 0:00:00]} Kg6 {[%emt 0:00:00]} 44. Rd5 {[%emt 0:00:00]} Rxd5 {[%emt 0:00:00]} 45. Bxd5 {[%emt 0:00:00]} Rd4 {[%emt 0:00:00]} 46. Bb7 {[%emt 0:00:00]} Rd7 {[%emt 0:00:00]} 47. Bc6 {[%emt 0:00:00]} Rc7 {[%emt 0:00:00]} 48. Bh1 {[%emt 0:00:00]} Kf5 {[%emt 0:00:00]} 49. a5 {[%emt 0:00:00]} g4 {[%emt 0:00:00]} 50. a6 {[%emt 0:00:00]} f3 {[%emt 0:00:00]} 51. Bxf3 {[%emt 0:00:00]} gxf3 {[%emt 0:00:00]} 52. Rxf3+ {[%emt 0:00:00]} Ke5 {[%emt 0:00:00]} 53. Ka4 {[%emt 0:00:00]} f5 {[%emt 0:00:00]} 54. Kb5 1/2-1/2

[Event "Gideon Japhet ACP Open 2018"]
[Site "Jerusalem"]
[Date "2018.07.06"]
[Round "7"]
[White "Melia, Salome"]
[Black "Yaniv, Yuval"]
[Result "1-0"]
[WhiteElo "2392"]
[BlackElo "2054"]
[Annotator "NA"]
[PlyCount "71"]
[EventDate "2018.07.01"]
[EventType "swiss"]
[EventCountry "ISR"]
[SourceTitle "playchess.com"]
[Source "ChessBase"]
[SourceQuality "1"]
[TimeControl "40/5400+30:1800+30"]

{[%evp 9,60,33,39,34,33,36,54,39,39,33,32767,34,37,38,37,31,41,0,19,12,16,0,17,0,0,13,24,0,0,0,0,11,84,32767,23,32767,32767,25,29,28,27,26,27,2,26,4,32767,32767,22,32767,32767,32767,44]} 1. e4 {[%emt 0:11:02]} c5 {[%emt 0:00:00]} 2. Nf3 {[%emt 0:00:08]} e6 {[%emt 0:00:00]} 3. d4 {[%emt 0:00:16]} cxd4 {[%emt 0:00:00]} 4. Nxd4 {[%emt 0:00:03]} a6 {[%emt 0:00:00]} 5. Bd3 {[%emt 0:01:42]} Bc5 {[%emt 0:00:07]} 6. Nb3 {[%emt 0:00:03]} Ba7 {[%emt 0:00:05]} 7. O-O {[%emt 0:00:16]} Nc6 {[%emt 0:00:12]} 8. Qe2 {[%emt 0:02:30]} d6 {[%emt 0:00:59]} 9. Be3 {[%emt 0:00:36]} Nf6 {[%emt 0:00:18]} 10. c4 {[%emt 0:02:08] B42: Sicilian: Kan Variation: 5 Bd3} e5 {[%emt 0:00:21]} (10... O-O 11. Nc3 e5 12. Rfd1 Bg4 13. f3 Be6 14. Bxa7 Rxa7 15. Rac1 Nd7 16. Qe3 b6 {1-0 (36) Caruana,F (2811)-Bykhovsky,A (2496) chess.com INT 2018}) 11. Bxa7 {[%emt 0:00:14]} Rxa7 {[%emt 0:00:03]} 12. Nc3 {[%emt 0:00:15]} O-O {[%emt 0:00:18] LiveBook: 12 Games} 13. h3 {[%emt 0:01:09]} Be6 {[%emt 0:00:24]} 14. Qe3 {[%emt 0:01:34]} b6 $146 {[%emt 0:00:34]} ({Predecessor:} 14... Nd7 15. Nd5 a5 16. a4 b6 17. Rfd1 Nc5 {0-1 (43) Olsarova,T (2244)-Coleman,T (2379) Pardubice 2012}) 15. Be2 {[%emt 0:05:48]} Nd7 {[%emt 0:03:40]} 16. Rfd1 {[%emt 0:07:32]} Nc5 {[%emt 0:00:21]} 17. Rd2 {[%emt 0:00:12]} Rd7 {[%emt 0:03:09]} 18. Bf1 {[%emt 0:04:18]} Qb8 {[%emt 0:05:58]} 19. Nc1 {[%emt 0:02:53]} a5 {[%emt 0:04:15]} 20. b3 {[%emt 0:03:09]} Nd4 {[%emt 0:04:49]} (20... f5 $11 {remains equal.}) 21. N3e2 {[%emt 0:04:23]} Nxe2+ {[%emt 0:07:27]} 22. Nxe2 {[%emt 0:00:32]} b5 {[%emt 0:03:00]} 23. cxb5 {[%emt 0:05:13]} Qxb5 {[%emt 0:00:14]} 24. Nc3 {[%emt 0:00:18]} Qb4 {[%emt 0:04:09]} 25. Rad1 {[%emt 0:02:03]} a4 {[%emt 0:04:23]} 26. bxa4 {[%emt 0:07:00]} Nxa4 {[%emt 0:00:27]} 27. Nb5 {[%emt 0:06:07]} Rfd8 {[%emt 0:03:13]} 28. a3 {[%emt 0:01:11]} Qb3 {[%emt 0:11:06]} 29. Qxb3 {[%emt 0:06:30]} Bxb3 {[%emt 0:00:03]} 30. Rc1 {[%emt 0:02:19]} Be6 $14 {[%emt 0:02:18]} 31. f3 {[%emt 0:04:25]} Kf8 {[%emt 0:03:57]} 32. Kf2 {[%emt 0:05:57]} f5 {[%emt 0:05:48]} 33. Nc7 {[%emt 0:02:45]} Rxc7 {[%emt 0:12:17]} 34. Rxc7 {[%emt 0:00:04]} fxe4 {[%emt 0:00:10]} 35. fxe4 {[%emt 0:00:44]} d5 {[%emt 0:02:00]} 36. Bb5 {[%emt 0:03:21]} 1-0

[Event "Gideon Japhet ACP Open 2018"]
[Site "Jerusalem"]
[Date "2018.07.06"]
[Round "7"]
[White "Kudischewitsch, David"]
[Black "Bronfman, Shmuel"]
[Result "1-0"]
[WhiteElo "2356"]
[BlackElo "2108"]
[Annotator "NA"]
[PlyCount "85"]
[EventDate "2018.07.01"]
[EventType "swiss"]
[EventCountry "ISR"]
[SourceTitle "playchess.com"]
[Source "ChessBase"]
[SourceQuality "1"]
[TimeControl "40/5400+30:1800+30"]

{[%evp 19,84,-15,-2,32767,-6,-27,-8,32767,-2,-5,0,32767,-4,-5,-5,-5,-6,-4,0,-20,0,-60,-63,-65,-4,-5,-4,-4,0,0,0,-12,-5,-4,0,-8,-14,-67,-7,-62,-22,-17,-18,-17,0,0,0,-4,32767,0,0,0,0,0,0,-4,0,0,0,0,8,10,326,450,393,453,393]} 1. d4 {[%emt 0:00:00]} Nf6 {[%emt 0:00:00]} 2. c3 {[%emt 0:00:00]} d5 {[%emt 0:00:35]} 3. Bg5 {[%emt 0:00:00]} e6 {[%emt 0:00:15]} 4. Nd2 {[%emt 0:00:02]} Be7 {[%emt 0:00:27]} 5. e3 {[%emt 0:00:04] D00: Damenbauernspiele} b6 {[%emt 0:00:29]} (5... h6 6. Bh4 O-O 7. Bd3 b6 8. Qe2 Bb7 9. f4 Ne4 10. Bxe7 Qxe7 11. Ngf3 Nd7 12. g4 c5 {1-0 (29) Andreikin,D (2713)-Moiseenko,A (2711) Khanty-Mansiysk 2013}) 6. Bd3 {[%emt 0:00:55]} Bb7 {[%emt 0:00:57]} 7. Qb1 $146 {[%emt 0:00:44]} ({Vorgänger:} 7. f4 h6 8. Bxf6 Bxf6 9. Ngf3 Nd7 10. Qe2 Bh4+ 11. g3 Be7 12. O-O c5 13. Ne5 O-O 14. Nxd7 Qxd7 {½-½ (54) Harika,D (2543)-Dzagnidze,N (2520) Doha 2016}) 7... h6 {[%emt 0:00:31]} 8. Bxf6 {[%emt 0:00:22]} Bxf6 {[%emt 0:00:07]} 9. f4 {[%emt 0:00:02]} c5 {[%emt 0:03:11]} 10. Ngf3 {[%emt 0:04:10]} Nc6 {[%emt 0:03:52]} 11. O-O {[%emt 0:00:10]} O-O {[%emt 0:00:07]} 12. Kh1 {[%emt 0:00:22]} a5 {[%emt 0:01:35]} 13. a4 {[%emt 0:00:10]} Ba6 {[%emt 0:03:04]} 14. Bxa6 {[%emt 0:00:06]} Rxa6 {[%emt 0:00:08]} 15. Rf2 {[%emt 0:00:10]} Ra7 {[%emt 0:03:56]} 16. Qd3 {[%emt 0:00:11]} Rb7 {[%emt 0:00:32]} 17. Ne5 {[%emt 0:01:12]} Ne7 {[%emt 0:03:58]} 18. g4 {[%emt 0:05:58]} Bxe5 {[%emt 0:08:39]} 19. fxe5 {[%emt 0:00:04]} Qd7 {[%emt 0:00:14]} 20. Nf1 {[%emt 0:00:53]} (20. Qe2 $11) 20... b5 {[%emt 0:00:14]} 21. axb5 {[%emt 0:00:08]} Qxb5 {[%emt 0:00:09]} (21... Rxb5 $15 22. Ra2 Rfb8) 22. Qxb5 {[%emt 0:01:25]} Rxb5 {[%emt 0:00:18]} 23. Ra2 {[%emt 0:00:02]} f5 24. exf6 {[%emt 0:00:07]} Rxf6 {[%emt 0:03:16]} 25. Kg1 {[%emt 0:00:34]} Nc6 {[%emt 0:02:47]} 26. Ng3 {[%emt 0:01:32]} Kf7 {[%emt 0:04:49]} 27. Rd2 {[%emt 0:00:35]} Rf3 {[%emt 0:01:04]} 28. Nf1 {[%emt 0:00:13]} Ke7 {[%emt 0:02:45]} 29. Ra4 {[%emt 0:00:27] [#]} Rf8 {[%emt 0:01:11]} (29... cxd4 $1 $17 30. exd4 Rf4) 30. Kg2 {[%emt 0:01:20]} Rfb8 {[%emt 0:00:47]} 31. Ra2 {[%emt 0:00:03]} Rd8 {[%emt 0:01:48]} 32. Ng3 {[%emt 0:00:18]} g6 {[%emt 0:00:16]} 33. h4 {[%emt 0:00:27]} e5 {[%emt 0:01:06]} 34. dxc5 {[%emt 0:00:50]} Rxc5 {[%emt 0:01:51]} 35. Ra1 {[%emt 0:00:09]} d4 {[%emt 0:00:17]} 36. exd4 {[%emt 0:00:13]} exd4 {[%emt 0:00:16]} 37. Re1+ {[%emt 0:02:08]} Kf7 {[%emt 0:00:16]} 38. Rf2+ {[%emt 0:03:09]} Kg7 {[%emt 0:02:21]} 39. Re6 {[%emt 0:02:39]} dxc3 {[%emt 0:01:01]} 40. bxc3 {[%emt 0:00:02]} Rd7 $2 {[%emt 0:03:47] [#]} (40... Rf8 $1 $11 {und Schwarz muss sich keine Sorgen machen.}) 41. h5 $1 {[%emt 0:30:35]} Ne7 {[%emt 0:31:15]} 42. hxg6 {[%emt 0:00:14]} Nxg6 $18 {[%emt 0:01:39]} 43. Nh5+ {[%emt 0:00:14]} 1-0

[Event "Gideon Japhet ACP Open 2018"]
[Site "Jerusalem"]
[Date "2018.07.06"]
[Round "7"]
[White "Birnboim, Nathan"]
[Black "Caspi, Israel"]
[Result "1-0"]
[WhiteElo "2353"]
[BlackElo "2479"]
[Annotator "ChessBase"]
[PlyCount "101"]
[EventDate "2018.07.01"]
[EventType "swiss"]
[EventCountry "ISR"]
[SourceTitle "playchess.com"]
[Source "ChessBase"]
[SourceQuality "1"]
[TimeControl "40/5400+30:1800+30"]

1. d4 {[%emt 0:00:00]} d6 {[%emt 0:00:00]} 2. e4 {[%emt 0:00:56]} Nf6 {[%emt 0:00:00]} 3. Nc3 {[%emt 0:00:06]} g6 {[%emt 0:00:47]} 4. Nf3 {[%emt 0:01:38]} Bg7 {[%emt 0:00:16]} 5. h3 {[%emt 0:00:55]} O-O {[%emt 0:00:49]} 6. Be3 {[%emt 0:00:03]} a6 {[%emt 0:01:36]} 7. a4 {[%emt 0:02:32]} Nc6 {[%emt 0:02:31]} 8. d5 {[%emt 0:06:17]} Nb4 {[%emt 0:03:14]} 9. a5 {[%emt 0:03:32]} e6 {[%emt 0:05:23]} 10. Bc4 {[%emt 0:14:47]} exd5 {[%emt 0:14:33]} 11. exd5 {[%emt 0:00:01]} c6 {[%emt 0:00:30]} 12. dxc6 {[%emt 0:00:45]} bxc6 {[%emt 0:01:39]} 13. O-O {[%emt 0:03:57]} Be6 {[%emt 0:03:30]} 14. Bxe6 {[%emt 0:05:00]} fxe6 {[%emt 0:02:33]} 15. Na4 {[%emt 0:02:02]} Nbd5 {[%emt 0:08:30]} 16. Bd2 {[%emt 0:00:53]} Ne4 {[%emt 0:01:17]} 17. Qe1 {[%emt 0:18:07]} Nxd2 {[%emt 0:02:01]} 18. Nxd2 {[%emt 0:03:33]} Nf4 {[%emt 0:03:54]} 19. Kh2 {[%emt 0:10:20]} Qxa5 {[%emt 0:09:43]} 20. g3 {[%emt 0:00:10]} Qf5 {[%emt 0:01:00]} 21. gxf4 Qxf4+ {[%emt 0:00:46]} 22. Kg2 {[%emt 0:01:18]} Be5 {[%emt 0:02:02]} 23. Rh1 {[%emt 0:00:09]} Qg5+ {[%emt 0:07:00]} 24. Kf1 {[%emt 0:00:07]} Rf4 {[%emt 0:00:21]} 25. Nc3 {[%emt 0:05:16]} Raf8 {[%emt 0:03:11]} 26. Nd1 {[%emt 0:02:56]} Bd4 {[%emt 0:10:51]} 27. Rh2 {[%emt 0:00:36]} Qg3 {[%emt 0:01:50]} 28. Rg2 {[%emt 0:00:08]} Qxh3 {[%emt 0:00:47]} 29. Rxa6 {[%emt 0:02:46]} Bxf2 {[%emt 0:10:14]} 30. Nxf2 {[%emt 0:00:18]} Rxf2+ {[%emt 0:01:26]} 31. Qxf2 {[%emt 0:00:07]} Rxf2+ {[%emt 0:00:04]} 32. Kxf2 {[%emt 0:00:04]} Qf5+ {[%emt 0:00:05]} 33. Nf3 {[%emt 0:02:17]} e5 {[%emt 0:01:06]} 34. Ra8+ {[%emt 0:00:14]} Kg7 {[%emt 0:00:10]} 35. Ra7+ {[%emt 0:00:03]} Kf6 {[%emt 0:00:57]} 36. Kg1 {[%emt 0:00:21]} e4 {[%emt 0:01:54]} 37. Nd4 {[%emt 0:00:05]} Qh3 {[%emt 0:00:17]} 38. Rf2+ {[%emt 0:00:26]} Kg5 {[%emt 0:00:54]} 39. Ra3 {[%emt 0:00:54]} Qd7 {[%emt 0:00:51]} 40. Rg3+ {[%emt 0:00:21]} Kh4 {[%emt 0:00:27]} 41. Ne2 {[%emt 0:32:43]} Qa7 {[%emt 0:30:22]} 42. Kg2 {[%emt 0:00:05]} g5 {[%emt 0:00:00]} 43. Rf6 {[%emt 0:00:00]} g4 {[%emt 0:00:00]} 44. Rxd6 {[%emt 0:00:00]} h5 {[%emt 0:00:00]} 45. Rc3 {[%emt 0:00:00]} Qa1 {[%emt 0:00:00]} 46. Ng3 {[%emt 0:00:00]} Kg5 {[%emt 0:00:00]} 47. Rc5+ {[%emt 0:00:00]} Kf4 {[%emt 0:00:00]} 48. Rf5+ {[%emt 0:00:00]} Ke3 {[%emt 0:00:00]} 49. Nf1+ {[%emt 0:00:00]} Ke2 {[%emt 0:00:00]} 50. Rf2+ {[%emt 0:00:00]} Ke1 {[%emt 0:00:00]} 51. Ng3 {[%emt 0:00:00]} 1-0

[Event "Gideon Japhet ACP Open 2018"]
[Site "Jerusalem"]
[Date "2018.07.06"]
[Round "7"]
[White "Zisman, Philip"]
[Black "Aizenberg, Benny"]
[Result "0-1"]
[WhiteElo "2293"]
[BlackElo "1887"]
[Annotator "ChessBase"]
[PlyCount "40"]
[EventDate "2018.07.01"]
[EventType "swiss"]
[EventCountry "ISR"]
[SourceTitle "playchess.com"]
[Source "ChessBase"]
[SourceQuality "1"]
[TimeControl "40/5400+30:1800+30"]

1. d4 {[%emt 0:00:00]} Nf6 {[%emt 0:00:00]} 2. Bg5 {[%emt 0:00:00]} Ne4 {[%emt 0:00:00]} 3. h4 {[%emt 0:00:00]} d5 {[%emt 0:00:04]} 4. Nd2 {[%emt 0:00:00]} Nxg5 {[%emt 0:00:49]} 5. hxg5 {[%emt 0:00:00]} Bf5 {[%emt 0:00:15]} 6. e3 {[%emt 0:00:51]} e6 {[%emt 0:00:18]} 7. f4 {[%emt 0:01:27]} c5 {[%emt 0:00:23]} 8. c3 {[%emt 0:01:16]} Nc6 {[%emt 0:00:20]} 9. Ngf3 {[%emt 0:00:14]} Bd6 {[%emt 0:00:39]} 10. dxc5 {[%emt 0:03:33]} Bxc5 {[%emt 0:00:06]} 11. Nd4 {[%emt 0:00:02]} Bg6 {[%emt 0:02:04]} 12. Bb5 {[%emt 0:02:05]} Qb6 {[%emt 0:01:44]} 13. Qa4 {[%emt 0:00:31]} O-O {[%emt 0:01:22]} 14. N2b3 {[%emt 0:04:14]} e5 {[%emt 0:07:03]} 15. Bxc6 {[%emt 0:05:40]} exd4 {[%emt 0:01:06]} 16. exd4 {[%emt 0:04:50]} Bd6 {[%emt 0:01:45]} 17. Bxd5 {[%emt 0:01:35]} Rae8+ {[%emt 0:03:04]} 18. Kf2 {[%emt 0:01:06]} Bxf4 {[%emt 0:00:05]} 19. Rhe1 {[%emt 0:00:54]} Rxe1 {[%emt 0:00:07]} 20. Rxe1 {[%emt 0:00:03]} Qd6 {[%emt 0:00:11]} 0-1

[Event "Gideon Japhet ACP Open 2018"]
[Site "Jerusalem"]
[Date "2018.07.06"]
[Round "7"]
[White "Friedland, Moshe"]
[Black "Erenberg, Ariel"]
[Result "1/2-1/2"]
[WhiteElo "2286"]
[BlackElo "2393"]
[Annotator "ChessBase"]
[PlyCount "73"]
[EventDate "2018.07.01"]
[EventType "swiss"]
[EventCountry "ISR"]
[SourceTitle "playchess.com"]
[Source "ChessBase"]
[SourceQuality "1"]
[TimeControl "40/5400+30:1800+30"]

1. e4 {[%emt 0:00:17]} e5 {[%emt 0:00:00]} 2. Nf3 {[%emt 0:00:09]} Nc6 {[%emt 0:00:00]} 3. Bc4 {[%emt 0:00:28]} Bc5 {[%emt 0:00:00]} 4. c3 {[%emt 0:00:32]} Nf6 {[%emt 0:00:00]} 5. d3 {[%emt 0:00:04]} d6 {[%emt 0:00:16]} 6. Nbd2 {[%emt 0:00:05]} O-O {[%emt 0:01:21]} 7. h3 {[%emt 0:00:18]} a5 {[%emt 0:02:18]} 8. O-O {[%emt 0:00:12]} h6 {[%emt 0:01:12]} 9. Re1 {[%emt 0:00:08]} Be6 {[%emt 0:00:06]} 10. Bb5 {[%emt 0:06:50]} Qb8 {[%emt 0:00:02]} 11. Nf1 {[%emt 0:02:10]} Qa7 {[%emt 0:05:49]} 12. Be3 {[%emt 0:00:27]} Bxe3 {[%emt 0:02:01]} 13. Nxe3 {[%emt 0:01:46]} Ne7 {[%emt 0:08:01]} 14. a4 {[%emt 0:18:40]} Ng6 {[%emt 0:05:11]} 15. Qc2 {[%emt 0:02:09]} c6 {[%emt 0:06:54]} 16. Bc4 {[%emt 0:00:05]} d5 {[%emt 0:00:20]} 17. exd5 {[%emt 0:02:09]} cxd5 {[%emt 0:01:58]} 18. Bb5 {[%emt 0:01:40]} Qb8 {[%emt 0:01:24]} 19. Qe2 {[%emt 0:06:29]} Nh5 {[%emt 0:05:44]} 20. g3 {[%emt 0:04:31]} Bxh3 {[%emt 0:21:14]} 21. Nxd5 {[%emt 0:04:13]} Qd6 {[%emt 0:03:41]} 22. c4 {[%emt 0:08:24]} Bg4 {[%emt 0:02:55]} 23. Qe3 {[%emt 0:00:52]} Bxf3 {[%emt 0:03:10]} 24. Qxf3 {[%emt 0:00:42]} Nf6 {[%emt 0:00:03]} 25. Nxf6+ {[%emt 0:01:39]} Qxf6 {[%emt 0:01:02]} 26. Qxf6 {[%emt 0:12:22]} gxf6 {[%emt 0:00:04]} 27. d4 {[%emt 0:01:26]} exd4 {[%emt 0:04:14]} 28. Rad1 {[%emt 0:00:13]} Ne5 {[%emt 0:05:06]} 29. Re4 {[%emt 0:00:43]} Rfd8 {[%emt 0:09:48]} 30. f4 {[%emt 0:02:21]} Nc6 {[%emt 0:00:37]} 31. Bxc6 {[%emt 0:00:31]} bxc6 {[%emt 0:00:01]} 32. Rexd4 {[%emt 0:00:08]} Rdb8 {[%emt 0:00:24]} 33. Rd6 {[%emt 0:04:02]} Rxb2 {[%emt 0:01:31]} 34. Rxf6 {[%emt 0:02:19]} Re8 {[%emt 0:00:50]} 35. Rxh6 {[%emt 0:04:51]} Re3 {[%emt 0:01:39]} 36. Kh1 {[%emt 0:01:35]} Rxg3 {[%emt 0:02:16]} 37. Rg1 {[%emt 0:02:29]} 1/2-1/2

[Event "Gideon Japhet ACP Open 2018"]
[Site "Jerusalem"]
[Date "2018.07.06"]
[Round "7"]
[White "Musyuk, Lior"]
[Black "Zilberman, Yaacov"]
[Result "1-0"]
[WhiteElo "2160"]
[BlackElo "2374"]
[Annotator "NA"]
[PlyCount "101"]
[EventDate "2018.07.01"]
[EventType "swiss"]
[EventCountry "ISR"]
[SourceTitle "playchess.com"]
[Source "ChessBase"]
[SourceQuality "1"]
[TimeControl "40/5400+30:1800+30"]

{[%evp 8,96,14,0,19,25,42,32767,49,99,29,57,70,71,59,36,102,87,111,118,113,109,128,126,125,135,117,102,114,101,32767,78,93,83,95,32767,75,58,58,45,51,7,0,32767,56,32767,32767,76,32767,32767,32767,32767,217,237,246,32767,32767,32767,256,32767,32767,32767,32767,32767,32767,32767,32767,32767,32767,342,302,32767,32767,32767,32767,32767,32767,32767,32767,32767,32767,32767,32767,32767,32767,32767,879,32767,32767,2005,1473]} 1. e4 {[%emt 0:00:00]} Nf6 {[%emt 0:00:00]} 2. e5 {[%emt 0:00:00]} Nd5 {[%emt 0:00:00]} 3. Nc3 {[%emt 0:00:01]} Nxc3 {[%emt 0:00:13]} 4. dxc3 {[%emt 0:00:30]} d6 {[%emt 0:00:48]} 5. Nf3 {[%emt 0:00:19]} Nc6 {[%emt 0:01:50]} 6. Bf4 {[%emt 0:02:23]} dxe5 {[%emt 0:03:00] LiveBook: 13 Games B02: Alekhine's Defence: Chase Variation and lines with early Nc3} 7. Nxe5 {[%emt 0:03:16]} (7. Qxd8+ Nxd8 8. Bxe5 c6 9. O-O-O f6 10. Bg3 Be6 11. Bd3 g6 12. Rhe1 Bf7 13. Nd4 a6 14. Nb3 a5 15. Kb1 Bd5 16. Bf1 {1-0 (48) Sebastian,D (2445)-Appel,R (2513) Germany 2016}) 7... Nxe5 {[%emt 0:01:57]} 8. Qxd8+ {[%emt 0:01:12]} Kxd8 {[%emt 0:00:03]} 9. Bxe5 {[%emt 0:00:02]} c6 {[%emt 0:06:54]} 10. O-O-O+ {[%emt 0:04:54]} Ke8 {[%emt 0:01:02]} 11. Bc4 {[%emt 0:04:11]} e6 $146 {[%emt 0:04:40]} ({Predecessor:} 11... Bf5 12. Rhe1 h5 13. Bd4 e6 14. Bd3 {½-½ (23) Gijbels,R-Van Espen,E (2154) Bilzen 2004}) 12. Rd2 {[%emt 0:03:43]} Rg8 {[%emt 0:01:20]} 13. Rhd1 {[%emt 0:03:55]} Be7 {[%emt 0:02:10]} 14. Bc7 {[%emt 0:03:12]} Rf8 {[%emt 0:00:58]} 15. f4 {[%emt 0:02:09]} f5 {[%emt 0:04:22]} 16. Be5 {[%emt 0:06:50]} Kf7 {[%emt 0:00:51]} 17. Kb1 {[%emt 0:02:02]} Re8 {[%emt 0:01:49]} 18. h3 {[%emt 0:08:57]} Bf6 {[%emt 0:04:19]} 19. Re1 {[%emt 0:13:24]} g6 {[%emt 0:06:01]} 20. g4 {[%emt 0:02:10]} b5 {[%emt 0:04:22]} 21. Bf1 {[%emt 0:09:51]} Bb7 {[%emt 0:02:24]} 22. Bxf6 {[%emt 0:02:44]} Kxf6 {[%emt 0:00:32]} 23. Rd7 {[%emt 0:00:08]} Re7 {[%emt 0:00:32]} 24. g5+ {[%emt 0:00:26]} Kf7 $1 {[%emt 0:00:17]} 25. Rd6 {[%emt 0:04:08]} Rc8 {[%emt 0:00:51]} (25... h6 $11) 26. a4 {[%emt 0:01:37]} a6 {[%emt 0:00:25]} 27. c4 {[%emt 0:00:59]} bxa4 {[%emt 0:03:24]} 28. c5 {[%emt 0:00:26]} Rcc7 {[%emt 0:00:17]} 29. Bc4 {[%emt 0:00:43]} Bc8 {[%emt 0:00:24]} 30. Ka2 {[%emt 0:01:02]} Re8 {[%emt 0:04:54]} 31. Re3 {[%emt 0:01:31]} Ree7 {[%emt 0:00:54]} 32. Ka3 {[%emt 0:01:15]} a5 {[%emt 0:00:23]} 33. Kxa4 {[%emt 0:02:01]} Ra7 {[%emt 0:00:21]} 34. Rb3 {[%emt 0:04:08]} Bb7 {[%emt 0:01:10]} 35. Rd8 {[%emt 0:01:21]} Kg7 {[%emt 0:05:07]} 36. Rbd3 {[%emt 0:04:51]} Ba6 {[%emt 0:02:23]} 37. Bxa6 {[%emt 0:01:16]} Rxa6 {[%emt 0:00:07]} 38. R3d7 {[%emt 0:01:11]} Kf7 {[%emt 0:01:23]} 39. Rxe7+ {[%emt 0:00:41]} Kxe7 {[%emt 0:00:02]} 40. Rd6 {[%emt 0:00:01]} Ra7 {[%emt 0:02:46]} 41. Rxc6 {[%emt 0:31:09]} Rd7 {[%emt 0:30:36]} 42. Kxa5 {[%emt 0:04:22]} Rd4 {[%emt 0:00:43]} 43. Rc7+ {[%emt 0:01:06]} Kd8 {[%emt 0:00:09]} 44. Rxh7 {[%emt 0:00:03]} Rxf4 {[%emt 0:00:07]} 45. b4 {[%emt 0:00:00]} Rc4 {[%emt 0:00:00]} 46. h4 {[%emt 0:00:00]} Ke8 {[%emt 0:00:00]} 47. Rg7 {[%emt 0:00:00]} Rxh4 {[%emt 0:00:00]} 48. c6 {[%emt 0:00:00]} Rc4 $18 {[%emt 0:00:00]} 49. c7 {[%emt 0:00:00]} e5 {[%emt 0:00:00]} 50. b5 {[%emt 0:00:00]} e4 {[%emt 0:00:00]} 51. b6 1-0